| 000 | 01274nam a2200361Ia 4500 | ||
|---|---|---|---|
| 001 | ebr10131910 | ||
| 003 | CaPaEBR | ||
| 006 | m u | ||
| 007 | cr cn||||||||| | ||
| 008 | 040316s2004 caua s 001 0 eng d | ||
| 010 | _z 2004104104 | ||
| 020 | _z0782151108 | ||
| 020 | _z0782143393 | ||
| 040 |
_aCaPaEBR _cCaPaEBR |
||
| 035 | _a(OCoLC)647520959 | ||
| 050 | 1 | 4 |
_aHF5476 _b.M84 2004eb |
| 082 | 0 | 4 |
_a381/.177/0285676 _222 |
| 100 | 1 |
_aMueller, John, _d1958- |
|
| 245 | 1 | 0 |
_aMining eBay web services _h[electronic resource] : _bbuilding applications with the eBay API / _cJohn Paul Mueller. |
| 246 | 3 | 0 | _aEBay web services |
| 250 | _a1st ed. | ||
| 260 |
_aAlameda, CA : _bSybex, _cc2004. |
||
| 300 |
_axxiii, 406 p. : _bill. |
||
| 500 | _aIncludes index. | ||
| 533 |
_aElectronic reproduction. _bPalo Alto, Calif. : _cebrary, _d2009. _nAvailable via World Wide Web. _nAccess may be limited to ebrary affiliated libraries. |
||
| 610 | 2 | 0 | _aeBay (Firm) |
| 650 | 0 | _aInternet auctions. | |
| 650 | 0 | _aWeb services. | |
| 650 | 0 | _aWeb usage mining. | |
| 655 | 7 |
_aElectronic books. _2local |
|
| 710 | 2 | _aebrary, Inc. | |
| 856 | 4 | 0 |
_uhttp://site.ebrary.com/lib/rucke/Doc?id=10131910 _zAn electronic book accessible through the World Wide Web; click to view |
| 999 |
_c183431 _d183431 |
||